000 01086cam a2200241 4500
001 ABS63999
008 000000n2001 000 0 eng u
035 _a(Sirsi) u112957
100 _aCirco, E
245 _aHow fast are we linking up?
260 _c2001
490 _aEstates Gazette
_v(0121) 26 May 2001, 147(1)
520 _aPresents the results of a survey investigating the use of the internet by property professionals and their predictions for its impact on their role. The survey found that the majority of participants had a good level of internet access and usage and regularly used the internet to source information. Over half the respondents also felt the internet will change their traditional responsiblities and could see the creation of a NASDAQ-type property listing structure within five years.
590 _aABS
650 _aWEBSITES
650 _aPROPERTY LISTINGS
650 _aPROPERTY TRANSACTIONS
650 _aSURVEYS
650 _aINTERNET
650 _aPROPERTY PROFESSIONALS
690 _aINFORMATION TECHNOLOGY-INTERNET
942 _n0
999 _c67244
_d67244